Statistics for Word Ladder - From Accept To Refuse

Click here to take the quiz!

General Stats

  • This quiz has been taken 43 times
  • The average score is 7 of 18

Answer Stats

HintAnswer% Correct
Receive willinglyAccept
100%
To put stress on a wordAccent
90%
Decline an offerRefuse
88%
To move upwardAscent
78%
People who consume foodEaters
49%
To express approvalAssent
46%
Speak in a confident mannerAssert
46%
To readjust a musical pitchRetune
46%
A rounded leafRetuse
39%
Latin word for more than one dadPaters
29%
Groups of chemical compoundsEsters
27%
A couple of daisysAsters
24%
To move quicklyAstert
15%
Religious platesPatens
15%
To superficially coverPatine
10%
Indonesian catfishesPatins
10%
A loosely woven fabricRatine
7%
To lose againRetine
7%

Score Distribution

Percentile by Number Answered

Percent of People with Each Score

Your Score History

You have not taken this quiz